Cẩm nang rượu cocktail

Tài liệu liệt kê gần 1500 công thức chế biến cocktail bao gồm công thức chế biến cổ điển, công thức chế biến quốc tế, và công thức chế biến cocktail mới đang thịnh hành hiện nay.

Guardat en:
Dades bibliogràfiques
Autor principal: Nguyễn, Trúc Chi
Format: Llibre
Idioma:Undetermined
Publicat: Tp. Hồ Chí Minh Tổng Hợp Tp. Hồ Chí Minh 2006
Matèries:
Etiquetes: Afegir etiqueta
Sense etiquetes, Sigues el primer a etiquetar aquest registre!
Thư viện lưu trữ: Trung tâm Học liệu Trường Đại học Cần Thơ
LEADER 00841nam a2200205Ia 4500
001 CTU_113100
008 210402s9999 xx 000 0 und d
020 |c 50000 
082 |a 641.8 
082 |b Ch300 
100 |a Nguyễn, Trúc Chi 
245 0 |a Cẩm nang rượu cocktail 
245 0 |c Nguyễn Trúc Chi 
260 |a Tp. Hồ Chí Minh 
260 |b Tổng Hợp Tp. Hồ Chí Minh 
260 |c 2006 
520 |a Tài liệu liệt kê gần 1500 công thức chế biến cocktail bao gồm công thức chế biến cổ điển, công thức chế biến quốc tế, và công thức chế biến cocktail mới đang thịnh hành hiện nay. 
650 |a Cocktails 
904 |i Minh 
980 |a Trung tâm Học liệu Trường Đại học Cần Thơ